<?xml version="1.0" encoding="UTF-8"?>
<record
    xmlns:xsi="http://www.w3.org/2001/XMLSchema-instance"
    xsi:schemaLocation="http://www.loc.gov/MARC21/slim http://www.loc.gov/standards/marcxml/schema/MARC21slim.xsd"
    xmlns="http://www.loc.gov/MARC21/slim">

  <leader>00458nam a22001577a 4500</leader>
  <controlfield tag="003">OSt</controlfield>
  <controlfield tag="005">20150909160314.0</controlfield>
  <controlfield tag="008">150909b        xxu||||| |||| 00| 0 eng d</controlfield>
  <datafield tag="040" ind1=" " ind2=" ">
    <subfield code="c">RUA</subfield>
  </datafield>
  <datafield tag="082" ind1=" " ind2=" ">
    <subfield code="a">AGR &#x1782;&#x17B9;&#x1798; 1993 BOO8 Or.1</subfield>
  </datafield>
  <datafield tag="100" ind1=" " ind2=" ">
    <subfield code="9">193</subfield>
    <subfield code="a">&#x1782;&#x17B9;&#x1798;&#x200B; &#x179F;&#x17D2;&#x1798;&#x17BF;&#x1793;</subfield>
    <subfield code="d">&#x1782;&#x17B9;&#x1798;&#x200B; &#x179F;&#x17D2;&#x1798;&#x17BF;&#x1793;</subfield>
  </datafield>
  <datafield tag="245" ind1=" " ind2=" ">
    <subfield code="a">&#x1780;&#x17B6;&#x179A;&#x178A;&#x17B6;&#x17C6;&#x178A;&#x17C6;&#x178E;&#x17B6;&#x17C6;&#x1780;&#x1794;&#x17D2;&#x1794;&#x17B6;&#x179F;</subfield>
  </datafield>
  <datafield tag="260" ind1=" " ind2=" ">
    <subfield code="a">phnomphen</subfield>
    <subfield code="b">RUA</subfield>
    <subfield code="c">1993</subfield>
  </datafield>
  <datafield tag="300" ind1=" " ind2=" ">
    <subfield code="a">74P.</subfield>
    <subfield code="b">ILL.</subfield>
    <subfield code="c">29CM.</subfield>
  </datafield>
  <datafield tag="942" ind1=" " ind2=" ">
    <subfield code="2">ddc</subfield>
    <subfield code="c">AGR</subfield>
  </datafield>
  <datafield tag="999" ind1=" " ind2=" ">
    <subfield code="c">173</subfield>
    <subfield code="d">173</subfield>
  </datafield>
  <datafield tag="952" ind1=" " ind2=" ">
    <subfield code="0">0</subfield>
    <subfield code="1">0</subfield>
    <subfield code="2">ddc</subfield>
    <subfield code="4">0</subfield>
    <subfield code="6">AGR_&#x1782;&#x17B9;&#x1798;_1993_000000000000000_BOO8_OR_1</subfield>
    <subfield code="7">0</subfield>
    <subfield code="9">684</subfield>
    <subfield code="a">LBB</subfield>
    <subfield code="b">LBB</subfield>
    <subfield code="c">B008</subfield>
    <subfield code="d">2015-09-09</subfield>
    <subfield code="o">AGR &#x1782;&#x17B9;&#x1798; 1993 BOO8 Or.1</subfield>
    <subfield code="p">rua004925</subfield>
    <subfield code="r">2015-09-09</subfield>
    <subfield code="w">2015-09-09</subfield>
    <subfield code="y">AGR</subfield>
  </datafield>
  <datafield tag="952" ind1=" " ind2=" ">
    <subfield code="0">0</subfield>
    <subfield code="1">0</subfield>
    <subfield code="2">ddc</subfield>
    <subfield code="4">0</subfield>
    <subfield code="6">AGR_&#x1782;&#x17B9;&#x1798;_1993_000000000000000_BOO8_OR_2</subfield>
    <subfield code="7">0</subfield>
    <subfield code="9">685</subfield>
    <subfield code="a">LBB</subfield>
    <subfield code="b">LBB</subfield>
    <subfield code="c">B008</subfield>
    <subfield code="d">2015-09-09</subfield>
    <subfield code="o">AGR &#x1782;&#x17B9;&#x1798; 1993 BOO8 Or.2</subfield>
    <subfield code="p">rua005384</subfield>
    <subfield code="r">2015-09-09</subfield>
    <subfield code="w">2015-09-09</subfield>
    <subfield code="y">AGR</subfield>
  </datafield>
  <datafield tag="952" ind1=" " ind2=" ">
    <subfield code="0">0</subfield>
    <subfield code="1">0</subfield>
    <subfield code="2">ddc</subfield>
    <subfield code="4">0</subfield>
    <subfield code="6">AGR_&#x1782;&#x17B9;&#x1798;_1993_000000000000000_BOO8_OR_3</subfield>
    <subfield code="7">0</subfield>
    <subfield code="9">686</subfield>
    <subfield code="a">LBB</subfield>
    <subfield code="b">LBB</subfield>
    <subfield code="c">B008</subfield>
    <subfield code="d">2015-09-09</subfield>
    <subfield code="o">AGR &#x1782;&#x17B9;&#x1798; 1993 BOO8 Or.3</subfield>
    <subfield code="p">rua004838</subfield>
    <subfield code="r">2015-09-09</subfield>
    <subfield code="w">2015-09-09</subfield>
    <subfield code="y">AGR</subfield>
  </datafield>
  <datafield tag="952" ind1=" " ind2=" ">
    <subfield code="0">0</subfield>
    <subfield code="1">0</subfield>
    <subfield code="2">ddc</subfield>
    <subfield code="4">0</subfield>
    <subfield code="6">AGR_&#x1782;&#x17B9;&#x1798;_1993_000000000000000_BOO8_OR_4</subfield>
    <subfield code="7">0</subfield>
    <subfield code="9">687</subfield>
    <subfield code="a">LBB</subfield>
    <subfield code="b">LBB</subfield>
    <subfield code="c">B008</subfield>
    <subfield code="d">2015-09-09</subfield>
    <subfield code="o">AGR &#x1782;&#x17B9;&#x1798; 1993 BOO8 Or.4</subfield>
    <subfield code="p">rua004988</subfield>
    <subfield code="r">2015-09-09</subfield>
    <subfield code="w">2015-09-09</subfield>
    <subfield code="y">AGR</subfield>
  </datafield>
  <datafield tag="952" ind1=" " ind2=" ">
    <subfield code="0">0</subfield>
    <subfield code="1">0</subfield>
    <subfield code="2">ddc</subfield>
    <subfield code="4">0</subfield>
    <subfield code="6">AGR_&#x1782;&#x17B9;&#x1798;_1993_000000000000000_BOO8_OR_5</subfield>
    <subfield code="7">0</subfield>
    <subfield code="9">688</subfield>
    <subfield code="a">LBB</subfield>
    <subfield code="b">LBB</subfield>
    <subfield code="c">B008</subfield>
    <subfield code="d">2015-09-09</subfield>
    <subfield code="o">AGR &#x1782;&#x17B9;&#x1798; 1993 BOO8 Or.5</subfield>
    <subfield code="p">rua005460</subfield>
    <subfield code="r">2015-09-09</subfield>
    <subfield code="w">2015-09-09</subfield>
    <subfield code="y">AGR</subfield>
  </datafield>
  <datafield tag="952" ind1=" " ind2=" ">
    <subfield code="0">0</subfield>
    <subfield code="1">0</subfield>
    <subfield code="2">ddc</subfield>
    <subfield code="4">0</subfield>
    <subfield code="6">AGR_&#x1782;&#x17B9;&#x1798;_1993_000000000000000_BOO8_OR_6</subfield>
    <subfield code="7">0</subfield>
    <subfield code="9">689</subfield>
    <subfield code="a">LBB</subfield>
    <subfield code="b">LBB</subfield>
    <subfield code="c">B008</subfield>
    <subfield code="d">2015-09-09</subfield>
    <subfield code="o">AGR &#x1782;&#x17B9;&#x1798; 1993 BOO8 Or.6</subfield>
    <subfield code="p">rua003445</subfield>
    <subfield code="r">2015-09-09</subfield>
    <subfield code="w">2015-09-09</subfield>
    <subfield code="y">AGR</subfield>
  </datafield>
  <datafield tag="952" ind1=" " ind2=" ">
    <subfield code="0">0</subfield>
    <subfield code="1">0</subfield>
    <subfield code="2">ddc</subfield>
    <subfield code="4">0</subfield>
    <subfield code="6">AGR_&#x1782;&#x17B9;&#x1798;_1993_000000000000000_BOO8_OR_7</subfield>
    <subfield code="7">0</subfield>
    <subfield code="9">36379</subfield>
    <subfield code="a">LBB</subfield>
    <subfield code="b">LBB</subfield>
    <subfield code="d">2016-01-26</subfield>
    <subfield code="o">AGR &#x1782;&#x17B9;&#x1798; 1993 BOO8 Or.7</subfield>
    <subfield code="p">RUA037735</subfield>
    <subfield code="r">2016-01-26</subfield>
    <subfield code="w">2016-01-26</subfield>
    <subfield code="y">AGR</subfield>
  </datafield>
</record>
